الجرائم في الفقة الاسلامي : (Record no. 7520)
[ view plain ]
| 000 -الفاتح | |
|---|---|
| حقل البيانات ثابتة الطول | 00665nac a22001691u 4500 |
| 008 - عناصر البيانات ثابتة الطول - معلومات عامة | |
| حقل البيانات ثابتة الطول | 080818t1968 ua|||||r|||| 001 0dara d |
| 082 ## - رقم تصنيف ديوى العشرى | |
| رقم التصنيف | 255 |
| رقم المادة | ب ه ن |
| 245 ## - بيان العنوان | |
| العنوان | الجرائم في الفقة الاسلامي : |
| بقية العنوان | دراسة فقهية مقارنة / |
| بيان المسئوليه,etc | أحمد فتحي بهنسي |
| 250 ## - بيان الطبعة | |
| بيان الطبعة | ط3 ، مزيدة |
| 260 ## - PUBLICATION, DISTRIBUTION, ETC. (IMPRINT) | |
| مكان الناشر او الموزع | القاهرة : |
| اسم الناشر او الموزع | مكتبة الوعي العربي ، 1968 |
| تاريخ النشر أو التوزيع | 1968 |
| 270 ## - | |
| -- | 5شارع كامل صدقي بالفجالة |
| 300 ## - الوصف المادى | |
| التعداد | 257 ص ؛ |
| أبعاد الوعاء | 24 سم . |
| 504 ## - تبصرة ببليوجرافية | |
| تبصرة ببليوجرافية,الخ | يحتوي علي ببليوجرافية: ص 255-257 |
| 511 ## - | |
| -- | Catalogued by: Sara |
| 650 ## - المدخل الاضافى بالموضوع-مصطلح موضوعى | |
| مصطلح موضوعي أو اسم جغرافي كعنصر مدخل | القتل |
| 9 (RLIN) | 22288 |
| 942 ## - عناصر المدخل الإضافي( كوها) | |
| Koha [default] item type | Book - Borrowing |
| سابقة رقم الطلب | 255 ب ه ن |
| مصدر التصنيف او مخطط الترفيف | Dewey Decimal Classification |
| حالة التراجع | حالة الفقد | مصدر التصنيف او خطة الترفيف | حالة تلف | ليس للاعارة | مجموعات كوها | المكان الدائم | المكان الحالي | موقع الترفيف | تاريخ الاكتساب | Source of acquisition | رقم الاستدعاء | الباركود | Date last seen | نوع الوعاء |
|---|---|---|---|---|---|---|---|---|---|---|---|---|---|---|
| Dewey Decimal Classification | Alef-Baa | Central Library | Central Library | Lower Floor | 11/08/2010 | 255 ب ه ن | 000009120 | 15/07/2025 | Book - Borrowing |